000 003200000a22001450004500
005 20120302064644.0
942 _cBOOK
100 _a Rajyashree, Ki.Su.
245 _a Hawai Dainandini
260 _aPune: Anand Anant Antarkar
300 _a217 p.
040 _amar
365 _bRs.60/-
650 _aSankirna/ hawai
999 _c362730
_d362727